| 000 | 00658nam a2200205 4500 | ||
|---|---|---|---|
| 001 | 4084 | ||
| 005 | 20181127172603.0 | ||
| 010 | 0 | 0 | _a |
| 020 | 0 | 0 | _a9788189884949 |
| 090 | 0 | 0 | _a398.2095498 C5455a |
| 100 | 0 | 0 |
_aChoden, Kunzang, _d1952- |
| 245 | 0 | 0 |
_aAunty mouse : _bA traditional folktale from Bhutan / _cOriginal story by Kunzang choden, Illustrated by Pema Tshering. _h |
| 260 | 0 | 0 |
_aNew Delhi : _bA Young Zubaan Original, _c2011. |
| 300 | 0 | 0 | _an.p. ; 22 cm. |
| 650 |
_aChildren's literature. _v _x _y _z _2 |
||
| 650 |
_aFolklore -- _v _x _y _zBhutan. _2 |
||
| 650 | 0 | 0 |
_aBhutan --Fiction. _x |
| 650 | 0 | 0 |
_aBhutan --Juvenile literature. _x |
| 650 | 0 | 0 |
_aTales Bhutan. _x |
| 999 |
_c3345 _d3345 |
||